FOOD AID ITS ROLE IN ECONOMIC DEVELOPMENT /

Tallennettuna:
Bibliografiset tiedot
Yhteisötekijä: OCDE
Aineistotyyppi: Kirja
Aiheet:
Tagit: Lisää tagi
Ei tageja, Lisää ensimmäinen tagi!

MARC

LEADER 00000nam^a2200000^a^4500
001 000243524
005 20250521000000.0
009 20260310105339.323
035 |a 065723 
037 |a Acervo Xavier Clavigero 
082 |a 338. 19  |b FOO 
110 |a OCDE 
245 1 0 |a FOOD AID ITS ROLE IN ECONOMIC DEVELOPMENT /  |c ORGANISATION FOR ECONOMIC CO-OPERATION AND DEVELOPMENT 
264 |a PARIS :  |b ORGANISATION FOR ECONOMIC CO-OPERATION AND DEVELOPMENT,  |c 1961 
300 |a 85 p. 
336 |a texto  |b txt  |2 rdacontenido 
337 |a sin mediación  |b n  |2 rdamedio 
338 |a volumen  |b nc  |2 rdasoporte 
649 |a XX 
650 |a Abasto de Alimentos 
710 |a OCDE 
910 |a Fondo General 
920 |a Impresos - Libros 
930 |a Colección General 
905 |a 101 
901 |a 065723  |b IT1  |c ACC  |i 065723  |u 20250521 
902 |a https://opac.biblio.iteso.mx/vufind/Record/000243524